000 00488cam a2200181ua 4500
001 6093
008 131125n ii |||gr||||Z||||||eng
040 _cMAIN
082 _a657.046
245 _aAdvanced Accounting
_cBy Jamshed R. Batliboi
250 _a27th ed.
260 _aBombay:
_bThe Standrad Accountancy Publications Pvt. LTD.,
_c1964.
300 _aviii,1216p.
653 _aAccounting
653 _aAdvanced Accounting
700 _aBatliboi,Jamshed R.,
_eAuthor.
942 _cBK
999 _c5246
_d5246